[Event "Heusenstamm Sparkassen op U14 4th"]
[Site "Heusenstamm"]
[Date "2017.11.26"]
[Round "5"]
[White "Kovalenko, David"]
[Black "Mainberger, Jakob"]
[Result "1-0"]
[WhiteElo "951"]
[BlackElo "779"]
[PlyCount "81"]
[EventDate "2017.11.24"]
[EventType "swiss"]
[EventRounds "5"]
[EventCountry "GER"]
[SourceTitle "EXT 2019"]
[Source "ChessBase"]
[SourceDate "2018.10.10"]
[SourceVersion "1"]
[SourceVersionDate "2018.10.10"]
[SourceQuality "1"]

1. d4 d5 2. c4 dxc4 3. Nf3 e6 4. Nc3 Nc6 5. e3 b5 6. Nxb5 Bd6 7. Nxd6+ cxd6 8. Bxc4 Na5 9. Bb5+ Bd7 10. Bxd7+ Qxd7 11. Bd2 Nc4 12. Bc3 Nf6 13. b3 Nb6 14. Qc2 0-0 15. 0-0 d5 16. a4 Qc7 17. Rac1 Nbd7 18. Bb4 Qd8 19. Bxf8 Qxf8 20. Qc6 Nb6 21. a5 Nbd7 22. Rc2 Qb8 23. Rc3 e5 24. dxe5 Nxe5 25. Nxe5 Qxe5 26. Qxa8+ Qe8 27. Rc8 Kf8 28. Rxe8+ Nxe8 29. Qxd5 Nf6 30. Qc5+ Ke8 31. Qxa7 Nd7 32. a6 Ke7 33. Rd1 Kf6 34. Qxd7 g5 35. Rd6+ Kg7 36. a7 Kg8 37. Qxf7+ Kxf7 38. a8Q Ke7 39. Qd8+ Kf7 40. Qc7+ Ke8 41. Rd8# 1-0

[Event "Heusenstamm Sparkassen op U14 4th"]
[Site "Heusenstamm"]
[Date "2017.11.25"]
[Round "2"]
[White "Tryfon, Konstantin"]
[Black "Mainberger, Jakob"]
[Result "1-0"]
[WhiteElo "1030"]
[BlackElo "779"]
[PlyCount "51"]
[EventDate "2017.11.24"]
[EventType "swiss"]
[EventRounds "5"]
[EventCountry "GER"]
[SourceTitle "EXT 2019"]
[Source "ChessBase"]
[SourceDate "2018.10.10"]
[SourceVersion "1"]
[SourceVersionDate "2018.10.10"]
[SourceQuality "1"]

1. e4 e5 2. Nf3 Nc6 3. d4 exd4 4. Bc4 Bc5 5. 0-0 Nf6 6. e5 Ng4 7. Bxf7+ Kxf7 8. Ng5+ Ke8 9. Qxg4 d6 10. Qh5+ g6 11. Qh6 Qd7 12. Ne4 Nxe5 13. Nf6+ Kd8 14. Nxd7 Bxd7 15. Qg7 Re8 16. Qxh7 Bf5 17. Bg5+ Kc8 18. Kh1 Bxc2 19. f4 Bd3 20. Rc1 Ng4 21. f5 gxf5 22. Nd2 Nf2+ 23. Kg1 Ne4 24. Bf4 Nxd2 25. Rxc5 c6 26. Bxd6 1-0